000 00342pab a2200145 454500
008 180718b1988 xxu||||| |||| 00| 0 eng d
100 _aBajaj, S.S.
245 _aCredit needs of tribal farmers
260 _c1988
300 _a28-31
362 _aMar.
650 _aAgricultural Credit
773 _aTribal Research Bulletin
909 _a3333
999 _c3333
_d3333